| 000 | 00513nab#a2200193#c#4500 | ||
|---|---|---|---|
| 999 |
_c87552 _d87552 |
||
| 003 | IEF | ||
| 005 | 20191205105023.0 | ||
| 008 | 950704s1976 uuu|| #####0 b| |u | ||
| 040 |
_aIEF _cES-MaIEF |
||
| 100 | 1 |
_aJané Solá, José _922619 |
|
| 245 |
_aInflación, indiciación y contabilidad _c José Jané Solá |
||
| 260 | _c1976 | ||
| 650 | 4 |
_aINFLACION _946815 |
|
| 650 | 4 |
_aESTUDIOS _943582 |
|
| 773 | 0 |
_tHacienda pública española _w34570 _g39, p. 131-149 |
|
| 942 | _2udc | ||
| 942 | _2udc | ||